Statystyki dla Państwa położone na wybranych równoleżnikach

Kliknij tutaj aby rozwiązać quiz!

Ogólne statystyki

  • Ten quiz został rozwiązany 214 razy
  • Średni wynik to 46 z 62

Statystyki odpowiedzi

Współrz. równoleż.Państwa% Poprawnych
Rosja
97%
Kanada
95%
Brazylia
93%
Brazylia
93%
Norwegia
93%
40°NStany Zjednoczone
93%
Szwecja
92%
Chiny
88%
Japonia
88%
Hiszpania
87%
Indie
87%
Australia
86%
20°NMeksyk
86%
Argentyna
85%
Turcja
85%
Grecja
84%
Włochy
84%
0° (równik)Ekwador
83%
Indonezja
83%
40°SChile
82%
20°SChile
82%
Kongo
81%
Nowa Zelandia
81%
Kolumbia
80%
Portugalia
80%
Boliwia
79%
Kenia
79%
60°NStany Zjenoczone (Alaska)
79%
Czad
75%
Paragwaj
74%
Sudan
74%
Tadżykistan
74%
Uzbekistan
74%
Dem. Rep. Konga
73%
Turkmenistan
73%
Kirgistan
72%
Niger
72%
Korea Północna
70%
Somalia
70%
Arabia Saudyjska
68%
Mauretania
68%
Tajlandia
68%
Wietnam
68%
Armenia
67%
Oman
67%
Azerbejdżan
66%
Mali
66%
Algieria
63%
Laos
63%
Madagaskar
63%
Uganda
63%
Gabon
60%
Kuba
60%
Mozambik
60%
Mjanma
58%
Botswana
57%
Namibia
56%
Zimbabwe
52%
Kiribati
48%
Fidżi
44%
Vanuatu
37%
Tonga
31%

Rozkład punktacji

Percentyl według liczby udzielonych odpowiedzi

Procent ludzi z każdym wynikiem

Twoja historia wyników

Nie rozwiązałeś tego quizu